The unrepealed acts of the Governor-General of India in Council (Record no. 379263)

000 -LEADER
fixed length control field 00323cam a22001097a 4500
008 - FIXED-LENGTH DATA ELEMENTS--GENERAL INFORMATION
fixed length control field 180718b1912 xxu||||| |||| 00| 0 eng d
082 ## - DEWEY DECIMAL CLASSIFICATION NUMBER
Classification number A42x54 A/U
100 ## - MAIN ENTRY--PERSONAL NAME
Personal name Governer-General of India
245 ## - TITLE STATEMENT
Title The unrepealed acts of the Governor-General of India in Council
260 ## - PUBLICATION, DISTRIBUTION, ETC.
Place of publication, distribution, etc. Calcutta
Name of publisher, distributor, etc. The author
Date of publication, distribution, etc. 1912
300 ## - PHYSICAL DESCRIPTION
Extent 117p.
Holdings
Withdrawn status Lost status Damaged status Not for loan Permanent Location Current Location Date acquired Full call number Barcode Date last seen Price effective from Koha item type
        Indian Institute of Public Administration Indian Institute of Public Administration 1996-02-19 A42x54 A/U 12870 2018-07-21 2018-07-21 Book

Powered by Koha